| Tag |
First Indicator |
Second Indicator |
Subfields |
| LEADER |
00000cam a2200000 a 4500 |
| 001 |
in00004457582 |
| 005 |
20191202121130.0 |
| 008 |
880217s1988 enka b 00100 eng d |
| 010 |
|
|
|a gb 87046327
|
| 015 |
|
|
|a GB87-46327
|
| 020 |
|
|
|a 0632018186 :
|c £19.50
|
| 035 |
|
|
|a (OCoLC)16873889
|
| 035 |
|
|
|z (UtOrBLW)3126
|
| 035 |
|
|
|a 4730
|
| 040 |
|
|
|a UKM
|c UKM
|d OCL
|d TMV
|d UtOrBLW
|
| 049 |
|
|
|a TMVM
|c 1
|
| 050 |
1 |
0 |
|a SF992.K53
|
| 060 |
|
4 |
|a SF 992.K53
|b R393 1988
|
| 245 |
0 |
0 |
|a Renal disease in dogs and cats :
|b comparative and clinical aspects /
|c edited by A.R. Michell.
|
| 264 |
|
1 |
|a Oxford ;
|a Boston :
|b Blackwell Scientific,
|c 1988.
|
| 264 |
|
2 |
|a Chicago :
|b Distributors, USA, Year Book Medical Publishers.
|
| 300 |
|
|
|a vii, 166 pages :
|b illustrations ;
|c 24 cm.
|
| 336 |
|
|
|a text
|2 rdacontent
|b txt
|
| 337 |
|
|
|a unmediated
|2 rdamedia
|
| 338 |
|
|
|a volume
|2 rdacarrier
|b nc
|
| 504 |
|
|
|a Includes bibliographical references and index.
|
| 650 |
|
2 |
|a Dog Diseases.
|
| 650 |
|
2 |
|a Kidney Diseases
|x veterinary.
|
| 650 |
|
2 |
|a Cat Diseases.
|
| 650 |
|
2 |
|a Kidney Failure, Chronic
|x veterinary.
|
| 700 |
1 |
|
|a Michell, A. R.
|
| 999 |
|
|
|a MARS
|
| 999 |
f |
f |
|s 1e909fa2-fb80-321f-9b56-d1d62b4daf5b
|i 0a593359-c63c-3240-ac20-c55be01b7351
|t 0
|
| 952 |
f |
f |
|p preservation
|a Texas A&M University
|b J.J. Pickle Campus
|c High Density Repository
|d Remote Storage
|t 0
|e SF 992.K53 R393 1988
|h National Library of Medicine classification
|i unmediated -- volume
|m 323890177964G
|
| 998 |
f |
f |
|a SF 992.K53 R393 1988
|t 0
|l Remote Storage
|